Most Popular Coldplay Songs - Statistics

General Stats
  • This quiz has been taken 1,552 times
  • The average score is 8 of 20
Answer Stats
Hint Answer % Correct
9. Yellow
90%
3. Viva la Vida
87%
6. Fix You
78%
1. Paradise
77%
16. The Scientist
74%
13. Clocks
73%
5. Charlie Brown
42%
17. Speed of Sound
40%
2. Princess of China
38%
4. Every Teardrop Is a Waterfall
36%
20. Trouble
35%
19. In My Place
33%
7. Hurts Like Heaven
17%
14. Major Minus
11%
8. Us Against the World
10%
12. U.F.O.
9%
11. Up in Flames
8%
10. Don't Let It Break Your Heart
6%
15. Up With the Birds
6%
18. Christmas Lights
4%
No matching quizzes found
Score Distribution
Percent of People with Each Score
Percentile by Number Answered
Your Score History
You have not taken this quiz